| 000 | 03234nam a22003257i 4500 | ||
|---|---|---|---|
| 003 | DO-SdBNP | ||
| 005 | 20240513103117.0 | ||
| 007 | ta | ||
| 008 | 240513b2008 dr abo|| |||| 00| 0 eng d | ||
| 020 | _a9789945454079 | ||
| 040 |
_bspa _cBNPHU _erda |
||
| 082 | 0 | 4 |
_222 _a972.976 _bB216c |
| 100 |
_aBangou, Henri, _d1922- _974208 _eautor |
||
| 245 | 1 | 0 |
_aLos caminos de la soberanía : _basentamientos e instituciones en Guadalupe (Desde los orígenes hasta nuestros días) / _cHenri Bangou ; edición al cuidado de Alberto E. Despradel Cabral ; traducción Cossette Alvarez ; diagramación Yissel Casado. |
| 264 |
_aSanto Domingo, República Dominicana : _bEditora Manatí, _c2008. |
||
| 300 |
_a224 páginas : _bilustraciones, mapas, fotografías ; _c23 cm. |
||
| 336 |
_2rdacontent _atexto _btxt |
||
| 337 |
_2rdamedia _asin mediación _bn |
||
| 338 |
_2rdacarrier _avolumen _bnc |
||
| 500 | _aIncluye referencias bibliográficas y notas al pie de páginas. | ||
| 500 | _aIncluye datos biográficos del autor en la contracubierta. | ||
| 505 | 0 | _aBiografía del autor, 13.-- La obra de Henri Bangou y sus aportes al pensamiento caribeño, 23.-- Prefacio, 53.-- Prólogo, 65.-- Introducción, 67.-- Primera parte. Desde los orígenes hasta a Revolución Francesa de 1789, 73.-- Los pueblos precolombinos y la colonización, 75.-- Franceses y Caribes en Guadalupe, 83.-- Los colonos franceses, 86.-- El pacto colonial, 90.-- Primeros conflictos institucionales, 92.-- Los otros asentamientos. Los contratados, 96.-- Los esclavos africanos, 99.-- El Código Negro, 102.-- Hombres de color libres y liberados, 104.-- Segunda parte. Los acontecimientos revolucionarios y sus repercusiones en las instituciones y asentamientos humanos en Guadalupe, 109.-- Primer período revolucionario: de 1789 a 1794, 111.-- La Asamblea Nacional y los problemas guadalupeños, 114.-- La Asamblea Colonial y los acontecimientos en Guadalupe, 115.-- La Asamblea Nacional y el problema de los esclavos negros, 120.-- Los esclavos negros de Guadalupe y la Revolución, 122.-- Las instituciones revolucionarias y la administración de la isla durante este período, 123.-- Tercera parte. Las instituciones de 1802 a 1848, 133.-- Abolición de la esclavitud en las Antillas Francesas, 143.-- Cuarta parte. Grupos humanos e instituciones en Guadalupe después de 1848, 151.-- Instituciones y lucha de clases, 163.-- Los indios, su status, su inserción en el mundo del trabajo en Guadalupe, 165.-- Las luchas obreras y campesinas, 171.-- Quinta parte. Evolución constitucional de la post-guerra (1940-1945), 179.-- La departamentalización y sus límites, 181.-- Asimilación integral o asimilación mitigada, 183.-- La departamentalización adaptada y la Constitución de 1958, 194.-- Sexta parte. Problemática institucional en Guadalupe. Ciudadanía - Nacionalidad - Transnacionalidad, 209. | |
| 590 | _aInventariado, 2023 /LP | ||
| 651 | 4 |
_aGuadalupe _xHistoria _985437 |
|
| 651 | 4 |
_aGuadalupe _yDescubrimiento y conquista, 1493 _zHistoria _985438 |
|
| 700 | 1 |
_aDespradel Cabral, Alberto E., _ecuidado de edición _934488 |
|
| 700 | 1 |
_aÁlvarez, Cossette, _etraducción _985439 |
|
| 700 | 1 |
_aCasado, Yissel, _ediagramación _943308 |
|
| 942 |
_2ddc _cLBS1 |
||
| 999 |
_c56632 _d56632 |
||